000 00630nam a2200241Ia 4500
003 OSt
005 20221007080211.0
006 a|||||r|||| 00| 0
007 ta
008 221006b |||||||| |||| 00| 0 eng d
020 _a8171942768
024 _a2,452
037 _cTextual
040 _aFLL
_cFLL
_beng
041 _2eng
_aeng
082 _aX72:Z2q, P2
100 _aTaxmann Au.
_9694713
245 0 _aDirect taxes
260 _aNew Delhi
_bTaxmann Puyblications P. Ltd. India
_c2002
650 _aDirect taxes
_9431678
942 _hX72:Z2q, P2
_cTEXL
_2CC
999 _c1158634
_d1158634